Statistics for All Formula 1 Lotus (1958–94) drivers

Click here to take the quiz!

General Stats

  • This quiz has been taken 440 times
  • The average score is 20 of 59

Answer Stats

YearsNo. of racesNameNationality% Correct
1985–8748Ayrton SennaBrazil
94%
1973–76, 1978 †59Ronnie PetersonSweden
93%
1960–68 †73Jim ClarkUnited Kingdom
91%
1968–69, 1976–8079Mario AndrettiUnited States
90%
1969–70 †20Jochen RindtAustria
87%
1970–7343Emerson FittipaldiBrazil
84%
1958–59, 1967–6946Graham HillUnited Kingdom
84%
1980–8461Nigel MansellUnited Kingdom
84%
1988–8932Nelson PiquetBrazil
83%
1991–9232Mika HäkkinenFinland
80%
1980–8591Elio de AngelisItaly
75%
1974–7524Jacky IckxBelgium
75%
1987–8948Satoru NakajimaJapan
74%
197915Carlos ReutemannArgentina
65%
1990–9455Johnny HerbertUnited Kingdom
65%
1963, 19666Pedro RodríguezMexico
61%
1976–7732Gunnar NilssonSweden
55%
19942Mika SaloFinland
49%
19604John SurteesUnited Kingdom
47%
199016Derek WarwickUnited Kingdom
44%
1993–948Pedro LamyPortugal
38%
198616Johnny DumfriesUnited Kingdom
36%
1993–9419Alessandro ZanardiItaly
33%
19751John WatsonUnited Kingdom
32%
199014Martin DonnellyUnited Kingdom
32%
1959–6119Innes IrelandUnited Kingdom
29%
19782Jean-Pierre JarierFrance
23%
19914Julian BaileyUnited Kingdom
22%
19821Roberto MorenoBrazil
21%
19942Philippe AdamsBelgium
19%
19915Michael BartelsGermany
16%
1970–7214Reine WisellSweden
15%
19941Éric BernardFrance
13%
1967–6810Jackie OliverUnited Kingdom
13%
1963–6516Mike SpenceUnited Kingdom
13%
19741Tim SchenkenAustralia
13%
19671Giancarlo BaghettiItaly
11%
19661Piers CourageUnited Kingdom
11%
1958–60 †7Alan StaceyUnited Kingdom
10%
1971–7211David WalkerAustralia
10%
1969–7015John MilesUnited Kingdom
10%
1964, 196611Peter ArundellUnited Kingdom
10%
1961–6319Trevor TaylorUnited Kingdom
10%
19753Brian HentonUnited Kingdom
9%
19821Geoff LeesUnited Kingdom
9%
1964–65, 1967–686Moisés SolanaMexico
9%
19762Bob EvansUnited Kingdom
8%
19588Cliff AllisonUnited Kingdom
6%
19691Richard AttwoodUnited Kingdom
6%
19611Willy MairesseBelgium
6%
19711Dave CharltonSouth Africa
5%
1964–663Gerhard MitterGermany
5%
19752Jim CrawfordUnited Kingdom
5%
19681Bill BrackCanada
4%
1965–662Giacomo RussoItaly
3%
19591Pete LovelyUnited States
3%
19641Walt HansgenUnited States
3%
19601Alberto LarretaArgentina
2%
19601Ron FlockhartUnited Kingdom
2%

Score Distribution

Percentile by Number Answered

Percent of People with Each Score

Your Score History

You have not taken this quiz